Ein Konversationsbuch für Fortgeschrittene /

Gespeichert in:
Bibliographische Detailangaben
1. Verfasser: Kanisová, Zdenka (Verfasst von)
Format: Buch
Sprache:Slowakisch
Veröffentlicht: Bratislava : Vysoká škola ekonomická, Bratislava, 1991
Tags: Tag hinzufügen
Keine Tags, Fügen Sie das erste Tag hinzu!

MARC

LEADER 00000nam a22000003a 4500
001 stu18052
005 20150617225755.3
008 911106s1991----cs------------------slo-d
020 |a 80-225-0300-2 
040 |a STU  |b slo 
041 0 |a slo 
044 |a cs 
080 |a 803.0(075.8)  |7 stu_us_auth*stu5286 
100 1 |a Kanisová, Zdenka  |4 aut 
245 1 |a Ein Konversationsbuch für Fortgeschrittene /  |c [aut.]Kanisová,Zdenka a kol 
260 |a Bratislava :  |b Vysoká škola ekonomická, Bratislava,  |c 1991 
300 |a 219 s :  |b Obr.,tab 
500 |a (Dočasná vysokoškolská učebnica) 
996 |b CS30624  |c C*S30624  |l CCXIV  |s P  |a 0  |w stu18052_0001 
996 |b CS30625  |c C*S30625  |l CCXIV  |s P  |a 0  |w stu18052_0002 
996 |b CS30626  |c C*S30626  |l CCXIV  |s P  |a 0  |w stu18052_0003